<?xml version="1.0" encoding="UTF-8"?>
<record
    xmlns:xsi="http://www.w3.org/2001/XMLSchema-instance"
    xsi:schemaLocation="http://www.loc.gov/MARC21/slim http://www.loc.gov/standards/marcxml/schema/MARC21slim.xsd"
    xmlns="http://www.loc.gov/MARC21/slim">

  <leader>01287nam2a2200277   4500</leader>
  <controlfield tag="001">RU\NLR\BIBL_A\012405236</controlfield>
  <controlfield tag="005">20210716112519.0</controlfield>
  <datafield tag="010" ind1=" " ind2=" ">
    <subfield code="a">978-5-5-0051-0636-0</subfield>
    <subfield code="b">&#x442;.1</subfield>
  </datafield>
  <datafield tag="021" ind1=" " ind2=" ">
    <subfield code="a">RU</subfield>
    <subfield code="b">&#x41A;&#x41D;-&#x41F;-20-043576</subfield>
    <subfield code="9">&#x41A;&#x41D;-&#x41F;-20-3322</subfield>
  </datafield>
  <datafield tag="035" ind1=" " ind2=" ">
    <subfield code="a">(NLR Aleph) 012405236</subfield>
  </datafield>
  <datafield tag="035" ind1=" " ind2=" ">
    <subfield code="a">(RuMoRGB)010389511</subfield>
  </datafield>
  <datafield tag="090" ind1=" " ind2=" ">
    <subfield code="a">11746227</subfield>
    <subfield code="c">11746227</subfield>
  </datafield>
  <datafield tag="100" ind1=" " ind2=" ">
    <subfield code="a">20201116d2020    e  y0rusy50      ca</subfield>
  </datafield>
  <datafield tag="101" ind1="0" ind2=" ">
    <subfield code="a">rus</subfield>
  </datafield>
  <datafield tag="102" ind1=" " ind2=" ">
    <subfield code="a">RU</subfield>
  </datafield>
  <datafield tag="105" ind1=" " ind2=" ">
    <subfield code="a">y   z   010zb</subfield>
  </datafield>
  <datafield tag="200" ind1="0" ind2=" ">
    <subfield code="a">&#x422;. 1</subfield>
  </datafield>
  <datafield tag="210" ind1=" " ind2=" ">
    <subfield code="d">2020</subfield>
  </datafield>
  <datafield tag="215" ind1=" " ind2=" ">
    <subfield code="a">543, [2] &#x441;.</subfield>
  </datafield>
  <datafield tag="461" ind1=" " ind2="0">
    <subfield code="1">001RU\NLR\BIBL_A\012405234</subfield>
    <subfield code="1">2001#$a&#x416;&#x438;&#x437;&#x43D;&#x44C; &#x438; &#x421;&#x43C;&#x435;&#x440;&#x442;&#x44C; &#x412;&#x43B;&#x430;&#x434;&#x438;&#x43C;&#x438;&#x440;&#x430; &#x423;&#x43B;&#x44C;&#x44F;&#x43D;&#x43E;&#x432;&#x430;-&#x41B;&#x435;&#x43D;&#x438;&#x43D;&#x430;$e[&#x440;&#x43E;&#x43C;&#x430;&#x43D;-&#x438;&#x441;&#x441;&#x43B;&#x435;&#x434;&#x43E;&#x432;&#x430;&#x43D;&#x438;&#x435;]$f&#x41D;&#x438;&#x43A;&#x43E;&#x43B;&#x430;&#x439; &#x421;&#x435;&#x43C;&#x451;&#x43D;&#x43E;&#x432;-&#x41C;&#x435;&#x440;&#x44C;&#x441;&#x43A;&#x438;&#x439;$v&#x422;. 1</subfield>
    <subfield code="1">700#1$a&#x421;&#x435;&#x43C;&#x451;&#x43D;&#x43E;&#x432;-&#x41C;&#x435;&#x440;&#x44C;&#x441;&#x43A;&#x438;&#x439;$b&#x41D;. &#x421;.$g&#x41D;&#x438;&#x43A;&#x43E;&#x43B;&#x430;&#x439; &#x421;&#x442;&#x435;&#x43F;&#x430;&#x43D;&#x43E;&#x432;&#x438;&#x447;$3RU\NLR\AUTH\770223903</subfield>
    <subfield code="9">11746216</subfield>
    <subfield code="a">&#x421;&#x435;&#x43C;&#x451;&#x43D;&#x43E;&#x432;-&#x41C;&#x435;&#x440;&#x44C;&#x441;&#x43A;&#x438;&#x439;, &#x41D;. &#x421;.</subfield>
    <subfield code="c">[&#x411;. &#x43C;.]</subfield>
    <subfield code="d">2020</subfield>
    <subfield code="f">&#x41D;&#x438;&#x43A;&#x43E;&#x43B;&#x430;&#x439; &#x421;&#x435;&#x43C;&#x451;&#x43D;&#x43E;&#x432;-&#x41C;&#x435;&#x440;&#x44C;&#x441;&#x43A;&#x438;&#x439;</subfield>
    <subfield code="n">&#x418;&#x437;&#x434;&#x430;&#x442;&#x435;&#x43B;&#x44C;&#x441;&#x43A;&#x438;&#x435; &#x440;&#x435;&#x448;&#x435;&#x43D;&#x438;&#x44F;</subfield>
    <subfield code="o">[&#x440;&#x43E;&#x43C;&#x430;&#x43D;-&#x438;&#x441;&#x441;&#x43B;&#x435;&#x434;&#x43E;&#x432;&#x430;&#x43D;&#x438;&#x435;]</subfield>
    <subfield code="t">&#x416;&#x438;&#x437;&#x43D;&#x44C; &#x438; &#x421;&#x43C;&#x435;&#x440;&#x442;&#x44C; &#x412;&#x43B;&#x430;&#x434;&#x438;&#x43C;&#x438;&#x440;&#x430; &#x423;&#x43B;&#x44C;&#x44F;&#x43D;&#x43E;&#x432;&#x430;-&#x41B;&#x435;&#x43D;&#x438;&#x43D;&#x430;</subfield>
    <subfield code="y">97855005106353</subfield>
    <subfield code="v">&#x422;. 1</subfield>
  </datafield>
  <datafield tag="942" ind1=" " ind2=" ">
    <subfield code="c">BOOK</subfield>
  </datafield>
  <datafield tag="980" ind1=" " ind2=" ">
    <subfield code="a">NBR</subfield>
  </datafield>
  <datafield tag="980" ind1=" " ind2=" ">
    <subfield code="a">NB</subfield>
  </datafield>
</record>
